[Event "Perth op"]
[Site "Perth"]
[Date "2023.01.03"]
[Round "2"]
[White "Dagza, Ben"]
[Black "Qi, Zhe"]
[Result "0-1"]
[WhiteElo "1726"]
[BlackElo "2087"]
[PlyCount "84"]
[EventDate "2023.01.02"]
[EventType "swiss"]
[EventRounds "11"]
[EventCountry "AUS"]
[SourceTitle "CBM 212 Extra"]
[Source "ChessBase"]
[SourceDate "2023.03.31"]
[SourceVersion "1"]
[SourceVersionDate "2023.03.31"]
[SourceQuality "1"]

1. d4 Nf6 2. Nf3 g6 3. e3 Bg7 4. Bd3 d5 5. b3 c5 6. Bb2 Nc6 7. Nbd2 cxd4 8. exd4 0-0 9. 0-0 Nb4 10. Be2 Bf5 11. c3 Nd3 12. Bxd3 Bxd3 13. Re1 Rc8 14. Ne5 Ba6 15. Re3 b6 16. Ba3 Rc7 17. f4 Bb7 18. Qe2 Re8 19. g4 Qc8 20. Bb2 Ne4 21. Nxe4 dxe4 22. g5 f6 23. Ng4 Qf5 24. gxf6 exf6 25. Rf1 h5 26. Nf2 Bh6 27. Nh3 Qg4+ 28. Kf2 Bxf4 29. Nxf4 Qxf4+ 30. Ke1 Qh4+ 31. Kd2 f5 32. Rg3 f4 33. Rxg6+ Kh7 34. Rfg1 e3+ 35. Kc1 Rf7 36. Qb5 Ree7 37. R6g5 Bf3 38. Ba3 e2 39. Bxe7 e1Q+ 40. Kb2 Qhf2+ 41. Ka3 Qxe7+ 42. b4 Qfe2 0-1